Т. 14, № 4; Известия Академии наук СССР. Серия географическая и геофизическая

Bibliografiske detaljer
Parent link:Известия Академии наук СССР. Серия географическая и геофизическая: научный журнал/ Академия наук СССР (АН СССР). Т. 14, № 4.— , 1937-1941, 1943-1951
Sprog:russisk
Udgivet: 1950
Format: MixedMaterials Bog
KOHA link:https://koha.lib.tpu.ru/cgi-bin/koha/opac-detail.pl?biblionumber=496861

MARC

LEADER 00000nam2a2200000 4500
001 496861
005 20231101101114.0
035 |a (RuTPU)RU\TPU\prd\166626 
035 |a RU\TPU\prd\166625 
090 |a 496861 
100 |a 20130130b1950 k y0rusy50 ca 
101 0 |a rus 
102 |a RU 
200 0 |a Т. 14, № 4 
210 |d 1950 
461 1 |0 (RuTPU)RU\TPU\prd\752  |t Известия Академии наук СССР. Серия географическая и геофизическая  |o научный журнал  |f Академия наук СССР (АН СССР)  |v Т. 14, № 4  |d 1937-1941, 1943-1951 
801 0 |a RU  |b 63413507  |c 20010227  |g PSBO 
801 1 |a RU  |b 63413507  |c 20130130 
801 2 |a RU  |b 63413507  |c 20151216  |g RCR 
942 |c BK 
999 |a НТБ_ТПУ  |b НФ  |e -4/20130109  |p П-701л  |u 0,00  |v 1  |x 6553